10 biggest stock exchanges by market capital - Statistics

General Stats
  • This quiz has been taken 347 times
    337 since last reset
  • The average score is 6 of 10
Answer Stats
Hint Answer % Correct
$ 19.223 trillion New York
89%
$ 6.187 trillion London
78%
$ 4.485 trillion Tokyo
74%
$ 6.831 trillion Nasdaq
70%
$ 3.986 trillion Shanghai
69%
$ 3.325 trillion HongKong
61%
$ 1.762 trillion Frankfurt
55%
$ 1.939 trillion Toronto
44%
$ 2.285 trillion Shenzhen
16%
$ 3.321 trillion Euronext
9%
No matching quizzes found
Score Distribution
Percent of People with Each Score
Percentile by Number Answered
Your Score History
You have not taken this quiz since the last reset